OPAC Home

අපරාධය සහ දඩුවම (Record no. 10529)

MARC details
000 -LEADER
fixed length control field 00487nam a2200181Ia 4500
008 - FIXED-LENGTH DATA ELEMENTS--GENERAL INFORMATION
fixed length control field 180921t2014 xxu||||| |||| 00| 0 sin d
041 ## - LANGUAGE CODE
Language code of text/sound track or separate title Sinhala; Sinhalese
080 ## - UNIVERSAL DECIMAL CLASSIFICATION NUMBER
Universal Decimal Classification number 8-31
Item number DOS
942 ## - ADDED ENTRY ELEMENTS (KOHA)
Koha item type Books
003 - CONTROL NUMBER IDENTIFIER
control field LK-CoDNM
040 ## - CATALOGING SOURCE
Original cataloging agency LK-CoDNM
Modifying agency LK-CoDNM
Description conventions LK-CoDNM
100 ## - MAIN ENTRY--PERSONAL NAME
Personal name Dostoevsky, Fyodor
700 ## - ADDED ENTRY--PERSONAL NAME
Personal name Dadigama .V Rodrogo
Relator term translater
245 ## - TITLE STATEMENT
Title අපරාධය සහ දඩුවම
246 ## - VARYING FORM OF TITLE
Title proper/short title Aparadaya Saha Daduwama
260 ## - PUBLICATION, DISTRIBUTION, ETC. (IMPRINT)
Name of publisher, distributor, etc. Kurulu poth
Place of publication, distribution, etc. Rajagiriya
Date of publication, distribution, etc. 2014
300 ## - PHYSICAL DESCRIPTION
Extent 508, 21 Cm

No items available.

Copyright © 2023 Department of National Museum, Colombo 07, Sri Lanka Funded by UNESCO IFAP UNESCO